| Поле | Название | Значение |
| |
Тип записи |
a |
| |
Библиографический уровень |
m |
| 001 |
Контрольный номер |
RU/IS/BASE/320325942 |
| 005 |
Дата корректировки |
20221005124218.6 |
| 010 |
Индекс ISBN |
__ |
| a |
ISBN |
978-5-7057-2049-1 |
| d |
Цена |
94-00 |
| 101 |
Язык документа |
0_ |
| a |
Язык текста |
rus |
| c |
Язык оригинала |
rus |
| 200 |
Заглавие и сведения об ответственности |
1_ |
| a |
Заглавие |
Человек и природа |
| e |
Сведения, относящиеся к заглавию |
дискуссии, ролевые игры, библиотечные уроки : 5-11 кл. |
| f |
Первые сведения об ответственности |
авт.-сост. Т. Н. Андреева |
| b |
Общее обозначение материала |
Текст |
| 210 |
Выходные данные |
1_ |
| a |
Место издания |
Волгоград |
| c |
Издательство |
Учитель |
| d |
Дата издания |
2009 |
| 215 |
Физическое описание |
__ |
| a |
Объем |
169 с. |
| 330 |
Аннотация |
__ |
| a |
Аннотация |
Предложенные в пособии беседы, конкурсы, викторины, ролевые игры, библиотечные уроки ориентированы на тесное сотрудничество учителя и учащихся с библиотекой, в частности в области изучения биологических дисциплин и научно-исследовательской деятельности. |
| 606 |
Тематические рубрики |
__ |
| a |
Основная рубрика |
Образование. Педагогика |
| 606 |
Тематические рубрики |
__ |
| a |
Основная рубрика |
Теория и методика воспитания |
| 610 |
Ключевые слова |
0_ |
| a |
Ключевые слова |
экологическое воспитание; тема природы; библиотечные уроки; дискуссии; ролевые игры; викторины; конкурсы; биологические знания; биологические олимпиады; здоровый образ жизни; экология души; тема красоты; тема Родины; тема цветов; тема птиц; экологические беседы; экологические вечера; экологические викторины; экологические занятия; экологические игры |
| 686 |
Индексы других классификаций |
__ |
| a |
Классификационный индекс |
В74.200.58 |
| 702 |
Вторичная интеллектуальная ответственность |
_1 |
| a |
Фамилия |
Андреева |
| b |
Имя |
Т. Н. |
| 4 |
Код отношения |
Автор |
| 801 |
Источник записи |
_0 |
| a |
Страна |
RU |
| b |
Организация |
Муниципальное бюджетное учреждение культуры "Централизованная библиотечная система" г. Сургут (Центральная городская библиотека им. А. С. Пушкина) |
| g |
Правила каталогизации |
КиК/Елгина |
| 801 |
Источник записи |
_1 |
| a |
Страна |
RU |
| b |
Организация |
Муниципальное бюджетное учреждение культуры "Централизованная библиотечная система" г. Сургут (Центральная городская библиотека им. А. С. Пушкина) |
| g |
Правила каталогизации |
КиК/Елгина |
| 852 |
Данные о местонахождении |
__ |
| j |
Шифр хранения |
В74.200.58 |
| c |
Каталожный индекс |
В74.200.58 |
| i |
Авторский знак |
Ч-39 |
| 901 |
Тип документа |
__ |
| t |
Тип документа |
m |
| 903 |
Характеристики (МАРС) |
__ |
| a |
Дата передачи |
20100225 |
| 990 |
Данные о заказе (DOS) |
__ |
| j |
Количество экземпляров (DOS) |
3 |
| h |
N записи в КСУ для Б/У (DOS) |
201003 |